000 00719nam a2200217Ia 4500
003 BUBTL
008 151213s9999 xx 000 0 und d
020 _a0205148840
082 _a658.1402/ W9301s/ 1993
100 _a Wright, Peter
245 _aStrategic Management: Text and Cases/
_cPeter Wright, Charles D. Pringle and Mark J. Kroll and John A. Parnell
250 _a2nd
260 _aLondon
_bAllyn & Becon
_cc1993
300 _a[xv], 1022p . :
_bill. Chart, Map ; 26cm .
500 _aIncludes Index .
650 _aManagement
700 _aPeter Wright, Charles D. Pringle and Mark J. Kroll and John A. Parnell
856 _k0
_l0
_yDownload
942 _2ddc
_cBK
999 _c1782
_d1782